Teória a politika zamestnanosti Aplikačné praktikum

Gespeichert in:
Bibliographische Detailangaben
1. Verfasser: Kováčová, Emília
Körperschaft: Ekonomická univerzita v Bratislave. Národohospodárska fakulta
Weitere Verfasser: Rievajová, Eva, Krausová, Alena
Format: Buch
Sprache:Slowakisch
Veröffentlicht: Bratislava EU 1992
Ausgabe:1. vyd.
Schlagworte:
Tags: Tag hinzufügen
Keine Tags, Fügen Sie das erste Tag hinzu!

MARC

LEADER 00000nam a2200000 4500
001 c001170
005 20221214090739.6
020 |a 80-225-0352-5 
041 0 |a slo 
044 |a SK 
245 1 0 |a Teória a politika zamestnanosti  |b Aplikačné praktikum  |c Emília Kováčová, Eva Rievajová, Alena Krausová 
250 |a 1. vyd. 
264 1 |a Bratislava  |b EU  |c 1992 
300 |a 134 s. 
610 2 0 |a zamestnanosť 
610 2 0 |a sily pracovné 
610 2 0 |a produktivita práce 
610 2 0 |a bilancia síl pracovných 
610 2 0 |a prognózovanie 
610 2 0 |a využitie síl pracovných 
100 1 |a Kováčová, Emília 
700 1 |a Rievajová, Eva 
700 1 |a Krausová, Alena 
710 2 |a Ekonomická univerzita v Bratislave. Národohospodárska fakulta